Calcul mental instantané #8 - Statistiques

Statistiques générales
  • Ce quiz a été pris 1 583 fois
  • Le résultat moyen est 8 sur 12
Statistiques - réponses
# Opérations Réponses % Correct
1 12² 144
100%
2 x 12 1728
76%
3 + 72 1800
75%
4 / 90 20
74%
5 + 50 x 4 + 36 256
71%
6 √256 16
63%
7 √16 4
62%
8 √4 x 2² x 2 16
59%
9 / (1/2) 32
56%
10 x 2 64
55%
11 √64 x 8 x (512/256) 128
48%
12 x 2 x 2 x 2 x 2 2048
37%
Aucun quiz correspondant
Distribution des résultats
% des personnes avec chaque résultat
Percentile par nombre de réponses
Votre historique - résultats
Vous n’avez pas pris ce quiz